00319nam a2200133Ia 4500008004100000020001500041041001200056082001100068100001500079245003700094260003100131300000800162650001500170221030s9999 xx 000 0 und d a9380097480 aEnglish a105.23 aR. K. Jain 0aRetail Managementcby R. K. Jain bVayu Pub.aNew Delhic2009 a342 aManagement